000 00547cam a2200229 4500
001 J2217
008 090401t1994 xxu||||| |||| 00| 0 eng d
035 _a(Sirsi) u47806
041 _aeng
050 _a333.335
110 _aSavills
_92020
245 _aSavills agricultural research briefing. - No.2 (February 1994)
260 _aLondon
_bSavills
_c1994
300 _a(6)p. ; 30cm.
350 _a0
650 _aFARM LAND
650 _aLAND PRICES
650 _aRENT
690 _aRURAL PRACTICE
942 _n0
948 _c04/03/1997
999 _c92207
_d92207